| 000 | 00994nam a2200277 a 4500 | ||
|---|---|---|---|
| 001 | 1310 | ||
| 003 | BR-CuiBMT | ||
| 005 | 20231215184913.0 | ||
| 008 | 231204s2021 mtba 000 0 por d | ||
| 020 | _a9786586328431 | ||
| 040 |
_aBR-CuiBMT _cBR-CuiBMT |
||
| 080 |
_22007 _a821.134.3 _x(81) |
||
| 090 |
_a821.134.3(81) _bF866t |
||
| 100 | 1 |
_aFreire, Silva, _d1928-1991 |
|
| 245 |
_aTrilogia cuiabana : _bossatura da cuiabania / _cSilva Freire ; organizadores Larissa Silva Freire Spinelli, João Paulo Lacerda Paes de Barros, Maria Teresa Carrión Carracedo. |
||
| 260 |
_aCuiabá : _bEntrelinhas, _c2021. |
||
| 300 |
_a395 p.: _bil. _c22 cm |
||
| 490 |
_aCultura e busca de identidade _vv.3 |
||
| 650 | _aContos brasileiros | ||
| 650 |
_aLiteratura _zBrasil |
||
| 700 |
_4org. _aSpinelli, Larissa Silva Freire |
||
| 700 |
_4org. _aBarros, João Paulo Lacerda Paes de |
||
| 700 |
_4org. _aCarrión Carracedo, Maria Teresa |
||
| 830 |
_aCultura e busca de identidade _v3 |
||
| 942 |
_2udc _cLV |
||
| 999 |
_c1310 _d1310 |
||